<?xml version="1.0" encoding="UTF-8"?>
<record
    xmlns:xsi="http://www.w3.org/2001/XMLSchema-instance"
    xsi:schemaLocation="http://www.loc.gov/MARC21/slim http://www.loc.gov/standards/marcxml/schema/MARC21slim.xsd"
    xmlns="http://www.loc.gov/MARC21/slim">

  <leader>00760nam a2200205Ia 4500</leader>
  <controlfield tag="003">GCL</controlfield>
  <controlfield tag="008">140319s9999    xx            000 0 ara d</controlfield>
  <datafield tag="040" ind1=" " ind2=" ">
    <subfield code="a">GCL / </subfield>
    <subfield code="c">GCL</subfield>
  </datafield>
  <datafield tag="082" ind1="0" ind2="4">
    <subfield code="a">142.7</subfield>
    <subfield code="b">&#x627; &#x633;</subfield>
  </datafield>
  <datafield tag="100" ind1="1" ind2=" ">
    <subfield code="a">&#x627;&#x644;&#x628;&#x64A;&#x631;&#x64A;&#x633; &#x631;.&#x645;</subfield>
  </datafield>
  <datafield tag="245" ind1="1" ind2="0">
    <subfield code="a">&#x633;&#x627;&#x631;&#x62A;&#x631; &#x648;&#x627;&#x644;&#x648;&#x62C;&#x648;&#x62F;&#x64A;&#x629; : &#x62F;&#x631;&#x627;&#x633;&#x629; &#x645;&#x628;&#x633;&#x637;&#x629; &#x648;&#x627;&#x641;&#x64A;&#x629; &#x639;&#x646; &#x645;&#x641;&#x647;&#x648;&#x645; &#x627;&#x644;&#x648;&#x62C;&#x648;&#x62F;&#x64A;&#x629; &#x644;&#x62F;&#x649; &#x633;&#x627;&#x631;&#x62A;&#x631; &#x641;&#x649; &#x627;&#x62B;&#x627;&#x631;&#x629; &#x627;&#x644;&#x641;&#x644;&#x633;&#x641;&#x64A;&#x629; &#x648;&#x627;&#x644;&#x627;&#x62F;&#x628;&#x64A;&#x629; (&#x647;&#x62F;&#x64A;&#x629; &#x645;&#x646; &#x627;&#x644;&#x627;&#x62F;&#x64A;&#x628; &#x639;&#x628;&#x62F;&#x627;&#x644;&#x641;&#x62A;&#x627;&#x62D; &#x627;&#x644;&#x62C;&#x645;&#x644;) / </subfield>
    <subfield code="c">&#x627;&#x644;&#x628;&#x64A;&#x631;&#x64A;&#x633; &#x631;.&#x645;</subfield>
  </datafield>
  <datafield tag="700" ind1="1" ind2=" ">
    <subfield code="a">&#x633;&#x64A;&#x644; &#x627;&#x648;&#x631;&#x64A;&#x633;</subfield>
  </datafield>
  <datafield tag="300" ind1=" " ind2=" ">
    <subfield code="a">168 &#x635;</subfield>
  </datafield>
  <datafield tag="490" ind1=" " ind2=" ">
    <subfield code="a"></subfield>
  </datafield>
  <datafield tag="650" ind1="0" ind2="4">
    <subfield code="a">&#x627;&#x644;&#x648;&#x62C;&#x648;&#x62F;&#x64A;&#x629;</subfield>
  </datafield>
  <datafield tag="650" ind1="0" ind2="4">
    <subfield code="a">&#x627;&#x644;&#x62D;&#x627;&#x633;&#x628;&#x627;&#x62A; &#x627;&#x644;&#x627;&#x644;&#x643;&#x62A;&#x631;&#x648;&#x646;&#x64A;&#x629;</subfield>
  </datafield>
  <datafield tag="650" ind1="0" ind2="4">
    <subfield code="a">&#x627;&#x644;&#x641;&#x644;&#x633;&#x641;&#x629; &#x627;&#x644;&#x63A;&#x631;&#x628;&#x64A;&#x629;</subfield>
  </datafield>
  <datafield tag="650" ind1="0" ind2="4">
    <subfield code="a">&#x633;&#x627;&#x631;&#x62A;&#x631;&#x60C; &#x62C;&#x627;&#x646; &#x628;&#x648;&#x644;</subfield>
  </datafield>
  <datafield tag="942" ind1=" " ind2=" ">
    <subfield code="2">ddc</subfield>
    <subfield code="c">BK</subfield>
  </datafield>
  <datafield tag="999" ind1=" " ind2=" ">
    <subfield code="c">42049</subfield>
    <subfield code="d">42049</subfield>
  </datafield>
  <datafield tag="952" ind1=" " ind2=" ">
    <subfield code="0">0</subfield>
    <subfield code="1">0</subfield>
    <subfield code="4">0</subfield>
    <subfield code="7">0</subfield>
    <subfield code="a">CAI</subfield>
    <subfield code="b">CAI</subfield>
    <subfield code="d">2014-03-26</subfield>
    <subfield code="l">0</subfield>
    <subfield code="o">142.7\&#x627; &#x633;</subfield>
    <subfield code="p">101627</subfield>
    <subfield code="r">2014-03-26 00:00:00</subfield>
    <subfield code="w">2014-03-26</subfield>
    <subfield code="y">BK</subfield>
  </datafield>
</record>
